=LDR 00000nam 2200000 4500 =001 INLIS000000000009928 =005 20200812101651 =035 ##$$a 0010-061300000009928 =008 200812################g##########0#ind## =041 ##$$a Ind =082 ##$$a 2x4.304 =090 ##$$a 2x4.304, Awi m =100 ##$$a Al-Awid, Muhammad Rasyid =245 1#$$a Merawat cinta dan kasih sayang : $b panduan bijak untuk kaum istri /$c Muhammad Rasyid Al-Awid =260 ##$$a Yogyakarta :$b Mitra Pustaka,$c 2004. =300 ##$$a xi, 133 hlm, ; $c 19 X 12 cm. =650 #4$$a Hukum Perkawinan Islam =850 ##$$a NBPNMAT =084 ##$$a 2x4.304 AWI- m =250 ##$$a Cet.2 =990 ##$$a 20706900 =990 ##$$a 20706902